000 00608nam a2200205 i 4500
001 115346
003 ES-MaACL
005 20250825062548.0
007 t|
008 070307s1930 sp ||||1| spa d
080 _a821.134.2-23"18"
100 1 _aTamayo y Baus, Manuel.
_9109165
245 1 0 _aLances de honor
_b: drama en tres actos /
_cManuel Tamayo y Baus.
260 _aMadrid :
_bPrensa Moderna,
_c1930.
300 _a76 p. ;
_c17 cm.
490 1 _aEl Teatro moderno ;
_v268
830 0 3 _aEl teatro moderno (Prensa Moderna)
_v268
_9182365
852 _aES-MaACL
_jC-13118
999 _c115346
_d115346